| 000 | 00492nam a2200205Ia 4500 | ||
|---|---|---|---|
| 003 | OSt | ||
| 005 | 20240930122400.0 | ||
| 008 | 210210b1927 xxu||||| |||| 00| 0 eng d | ||
| 040 | _cAL | ||
| 041 | _aeng | ||
| 082 | _a825/176 | ||
| 100 |
_aCHESTERTON (G K) _9180810 |
||
| 245 | _aCharles Dickens | ||
| 260 |
_aLondon _bMethuen & Co. Ltd. _c1927 |
||
| 650 |
_aDickens _9180811 |
||
| 650 |
_aCharles _9180812 |
||
| 690 |
_aEnglish Criticism _9180813 |
||
| 906 | _a014493 | ||
| 942 |
_2ddc _cBK |
||
| 999 |
_c133676 _d133676 |
||